Ancient Indian history / (Record no. 52233)

MARC details
000 -LEADER
fixed length control field 00891nam a22002417a 4500
005 - DATE AND TIME OF LATEST TRANSACTION
control field 20110509144943.0
008 - FIXED-LENGTH DATA ELEMENTS--GENERAL INFORMATION
fixed length control field 110509t xxu||||| |||| 00| 0 eng d
010 ## - LCCN (DPL NO)
LC control number ENG-102404
020 ## - INTERNATIONAL STANDARD BOOK NUMBER
International Standard Book Number 9789380388809
Terms of availability 1095.00
035 ## - SYSTEM CONTROL NUMBER
System control number EN-85937
037 ## - SOURCE OF ACQUISITION
Source of stock number/acquisition DBAD/PUB
040 ## - CATALOGING SOURCE
Original cataloging agency DPL
Language of cataloging Eng
082 ## - DEWEY DECIMAL CLASSIFICATION NUMBER
Classification number 934
100 ## - MAIN ENTRY--PERSONAL NAME
Personal name Saxena, Sunil K.
9 (RLIN) 27875
245 ## - TITLE STATEMENT
Title Ancient Indian history /
Statement of responsibility, etc by Sunil K. Saxena
260 ## - PUBLICATION, DISTRIBUTION, ETC. (IMPRINT)
Place of publication, distribution, etc New Delhi
Name of publisher, distributor, etc DPS Publishing House
Date of publication, distribution, etc 2011
270 ## - ADDRESS
Address Room No. 213,7/28 Mahavir Street, Ansari Road, Daryaganj
City New Delhi
Postal code 110002
Telephone number 011-23251264, 91-9811734184
Electronic mail address prashant_pbd@yahoo.co.in
300 ## - PHYSICAL DESCRIPTION
Extent 296p.
Dimensions 22cm (Hb)
500 ## - GENERAL NOTE
General note Includes bibliographical references and index
650 ## - SUBJECT ADDED ENTRY--TOPICAL TERM
9 (RLIN) 27887
942 ## - ADDED ENTRY ELEMENTS (KOHA)
Source of classification or shelving scheme Dewey Decimal Classification
Item type English Books
Classification part 934
Call number suffix SAX
Holdings
Withdrawn status Lost status Source of classification or shelving scheme Damaged status Not for loan Collection code Home library Current library Date acquired Source of acquisition Cost, normal purchase price Total Checkouts Full call number Barcode Date last seen Copy number Cost, replacement price Koha item type
    Dewey Decimal Classification   Not For Loan Non-fiction D.B.Act.Division D.B.Act.Division 09/05/2011 DBAD / PUB 1095.00   934 SAX EN-85937 09/05/2011 1 1095.00 English Books

© Delhi Public Library
Hit Counter
free hit counter